Statystyki dla Odgadnij kształty państw Europejskich według GeoMexa

Kliknij tutaj aby rozwiązać quiz!

Ogólne statystyki

  • Ten quiz został rozwiązany 21 razy
  • Średni wynik to 27 z 41

Statystyki odpowiedzi

Odpowiedź% Poprawnych
Hiszpania
100%
Francja
83%
Łotwa
83%
Norwegia
83%
Portugalia
83%
Szwecja
83%
Włochy
83%
Austria
72%
Belgia
72%
Czechy
72%
Irlandia
72%
Watykan
72%
Chorwacja
67%
Estonia
67%
Grecja
67%
Holandia
67%
Liechtenstein
67%
Litwa
67%
Niemcy
67%
Słowenia
67%
Szwajcaria
67%
Ukraina
67%
Białoruś
61%
Bośnia i Hercegowina
61%
Bułgaria
61%
Czarnogóra
61%
Dania
61%
Luksemburg
61%
Monako
61%
San Marino
61%
Słowacja
61%
Węgry
61%
Andora
56%
Macedonia Północna
56%
Mołdawia
56%
Polska
56%
Rumunia
56%
Albania
50%
Finlandia
50%
Kosowo
44%
Serbia
44%

Rozkład punktacji

Percentyl według liczby udzielonych odpowiedzi

Procent ludzi z każdym wynikiem

Twoja historia wyników

Nie rozwiązałeś tego quizu